000 00498nam a2200169Ia 4500
003 GCL
008 140319s9999 xx 000 0 ara d
040 _aGCL /
_cGCL
082 0 4 _a813.01
_bا م
100 1 _aالياس خورى
245 1 0 _aالمبتدا والخبر /
_cالياس خورى
300 _a164 ص
490 _aالهيئة العامة للاستعلامات
_v0
650 0 4 _aالادب العربى
650 0 4 _aالقصص العربية القصيرة
942 _2ddc
_cBK
999 _c47371
_d47371